Statistics for 2016 Year in Review

Click here to take the quiz!

General Stats

  • This quiz has been taken 25,280 times
  • The average score is 13 of 20

Answer Stats

Hint Answer % Correct
This candidate is elected as President of the United StatesDonald Trump
99%
Angelina Jolie files for divorce from this actorBrad Pitt
95%
This Chinese animal is no longer an endangered speciesGiant Panda
91%
This nickname is used to refer to the UK's decision to leave the EUBrexit
88%
This game causes millions of otherwise normal people to wander around
outside looking for Pidgey and Zubat
Pokémon Go
83%
This sprinter wins the 100m, 200m, and 4x100m relay in his third consecutive OlympicsUsain Bolt
83%
This Calcutta nun is made a Catholic saintMother Teresa
79%
Apple removes this useful component of its latest iPhone{Headphone} Jack
71%
An outbreak of this virus sparks concern among visitors to the 2016 OlympicsZika
65%
Over 100 people are shot inside a gay nightclub in this American cityOrlando
64%
This woman becomes the second female Prime Minister of the UKTheresa May
63%
For the second year in a row, this Canadian rapper is the most-listened to artist on SpotifyDrake
62%
This baseball team wins the World Series for the first time in 108 yearsChicago Cubs
56%
194 countries sign this climate change agreementParis Agreement
50%
This website is heavily criticized for spreading viral fake news storiesFacebook
50%
Despite 5,000-1 odds against, this team wins the English Premier LeagueLeicester City
50%
This singer-songwriter wins the Nobel Prize for LiteratureBob Dylan
46%
French authorities demolish the refugee "Jungle" in this city near the English ChannelCalais
44%
For the first time, a computer beats a top human player at this board gameGo
29%
European astronomers discover a planet rotating around this star -
the closest star to our sun
Proxima Centauri
20%

Score Distribution

Percentile by Number Answered

Percent of People with Each Score

Your Score History

You have not taken this quiz